LEADER 00758nam0-2200289---450- 001 990008764320403321 005 20081124153501.0 010 $a88-7011-449-X 035 $a000876432 035 $aFED01000876432 035 $a(Aleph)000876432FED01 035 $a000876432 100 $a20081124d1993----km-y0itay50------ba 101 0 $aita 102 $aIT 105 $aa-------001yy 200 1 $a<>nomenclatore di architettura 210 $aTorino$cRosenberg & Sellier$d1993 215 $a318 p.$cill.$d24 cm 676 $a720.351$v19$zita 801 0$aIT$bUNINA$gRICA$2UNIMARC 901 $aBK 912 $a990008764320403321 952 $a030021$b1836$fDCATA 959 $aDCATA 996 $aNomenclatore di architettura$9810738 997 $aUNINA LEADER 01558nam 2200445 450 001 000005375 005 20050718115200.0 010 $a88-08-05150-1 100 $a20001004d1986----km-y0itay0103----ba 101 0 $aita 102 $aIT 200 1 $aAnalisi matematica$fGeorge B. Thomas Jr., Ross L. Finney 205 $a1. ed. 210 $aBologna$cZanichelli$d1986 215 $aXII, 925 p.$cill.$d27 cm. 225 1 $aOpere generali 300 $aFrontespizio su due pagine 304 $aTit. orig.: Calculus and analytic geometry 606 $aAnalisi matematica 676 $a515$v(20. ed.)$9Analisi 700 1$aThomas,$bGeorge B. Jr.$0439558 701 1$aFinney,$bRoss L.$054661 801 0$aIT$bUniversità della Basilicata - B.I.A.$gRICA$2unimarc 912 $a000005375 996 $aCalculus and analytic geometry$932516 997 $aUNIBAS BAS $aMONSCI BAS $aMONOGR BAS $aSCIENZE CAT $aMEDURI$b01$c20001004$lBAS01$h1113 CAT $c20001010$lBAS01$h1636 CAT $aTORRE$b20$c20020524$lBAS01$h1057 CAT $c20050601$lBAS01$h1753 CAT $abatch$b01$c20050718$lBAS01$h1048 CAT $c20050718$lBAS01$h1107 CAT $c20050718$lBAS01$h1137 CAT $c20050718$lBAS01$h1152 FMT Z30 -1$lBAS01$LBAS01$mBOOK$1BASA2$APolo Tecnico-Scientifico$2DID$BDidattica$3PTS.s1.p25.2$5S70197$820001005$f98$FConsultazione Z30 -1$lBAS01$LBAS01$mBOOK$1BASA2$APolo Tecnico-Scientifico$2DID$BDidattica$3PTS.s1.p25.2A$663872$5S63872$820001026$f04$FPrestabile Didattica